| 000 | 00843nam a22001577a 4500 | ||
|---|---|---|---|
| 003 | OSt | ||
| 005 | 20150919150424.0 | ||
| 008 | 150919b xxu||||| |||| 00| 0 eng d | ||
| 040 | _cRUA | ||
| 082 | _aAGR KEO 2004 B030 Or.1 | ||
| 100 |
_9877 _aKEO, KYNAL. |
||
| 245 | _aa comparison of th eimpacts of difference types of organic mulches on hot pepper under crops experimental station condition of royal university of agriculture (ប្រៀបធៀបឥទ្ធិពលប្រភេទគំរបធម្មជាតិ លើដំណាំ ម្ទេស ក្នុងលក្ខខ័ណ្ឌស្តានីយ៍ពិសោធន៍ដំណាំនៃសាកលបិទ្យាល័យភូមិន្ទកសិកម្ម) | ||
| 260 |
_aPhnom Penh _bRUA _c2004 |
||
| 300 |
_a55p. _bill. _c29cm. |
||
| 942 |
_2ddc _cAGR |
||
| 999 |
_c845 _d845 |
||